[Event "Ste-Foy 1 2023-24"]
[Site "Ste-Foy CAN"]
[Date "2023.09.11"]
[Round "1"]
[White "Potvin, Alain-Nicolas"]
[Black "Dube, Dominic"]
[Result "1-0"]
[WhiteElo "1687"]
[BlackElo "1778"]
[PlyCount "89"]
[EventDate "2023.11.09"]
[EventType "swiss"]
[EventRounds "5"]
[EventCountry "CAN"]

1. d4 c6 2. Nf3 d5 3. e3 e6 4. Bd3 c5 5. b3 Nd7 6. Bb2 Bd6 7. dxc5 Bf8 8. Bb5
Qa5+ 9. Nc3 Bxc5 10. O-O f6 11. a3 Qc7 12. e4 dxe4 13. Nxe4 a6 14. Nxc5 Qxc5
15. Bd3 Ne7 16. b4 Qc7 17. Re1 Nf8 18. Nd2 Nfg6 19. Bc4 e5 20. Ne4 Kf8 21. Bb3
Nf5 22. g3 Ke7 23. Qd5 Nh6 24. Nc5 Qc6 25. Qxc6 bxc6 26. Rad1 Bg4 27. Rd2 Nf5
28. Kg2 Rhd8 29. Rxd8 Rxd8 30. h3 Bh5 31. Nxa6 Nd6 32. Nc5 Nf8 33. Bxe5 fxe5
34. Rxe5+ Kf6 35. Rxh5 g5 36. h4 gxh4 37. Rxh4 Nf5 38. Rf4 Ng6 39. Re4 Ne5 40.
a4 Nd4 41. a5 Nb5 42. f4 Rd2+ 43. Kh3 Nf3 44. Re3 Nbd4 45. Ne4+ 1-0

[Event "Ste-Foy 1 2023-24"]
[Site "Ste-Foy CAN"]
[Date "2023.09.19"]
[Round "2"]
[White "Bergeron, Nicolas"]
[Black "Gingras, Guy"]
[Result "1/2-1/2"]
[WhiteElo "1322"]
[BlackElo "1605"]
[PlyCount "118"]
[EventDate "2023.11.09"]
[EventType "swiss"]
[EventRounds "5"]
[EventCountry "CAN"]

1. d4 d5 2. c4 Bf5 3. cxd5 Nf6 4. f3 Bxb1 5. Rxb1 Qxd5 6. b3 Qa5+ 7. Qd2 Qxd2+
8. Bxd2 e6 9. e4 a6 10. Bd3 Nc6 11. Ne2 Bb4 12. Rc1 Bxd2+ 13. Kxd2 O-O 14. Bb1
Rac8 15. Ke3 Ne7 16. g4 Nd7 17. Rc3 f5 18. Rhc1 c6 19. Nf4 Kf7 20. b4 Nb6 21.
Bc2 g5 22. Nd3 f4+ 23. Ke2 Ng6 24. Bb3 Ke7 25. Nc5 e5 26. dxe5 Nxe5 27. Nxb7 h5
28. h3 hxg4 29. hxg4 Rh8 30. Na5 Rh2+ 31. Kf1 Rh1+ 32. Kg2 Rxc1 33. Rxc1 Nbd7
34. Rc2 Nb8 35. Nc4 Nd3 36. Nb6 Rd8 37. Rc4 Ne5 38. Rc5 Rd2+ 39. Kf1 Nxf3 40.
Rf5 Nd7 41. Rf7+ Ke8 42. Nxd7 Rxd7 43. Rf5 Nd2+ 44. Ke2 Nxe4 45. Re5+ Re7 46.
Rxe7+ Kxe7 47. Kd3 Nf2+ 48. Kd4 Nxg4 49. Kc5 Kd7 50. Kb6 Ne3 51. Ba4 Nc4+ 52.
Kxa6 f3 53. Bc2 g4 54. Bf5+ Kd6 55. Bxg4 f2 56. Be2 Ne3 57. b5 cxb5 58. Kxb5
Nd5 59. Kc4 Nf4 1/2-1/2

[Event "Ste-Foy 1 2023-24"]
[Site "Ste-Foy CAN"]
[Date "2023.09.18"]
[Round "2"]
[White "Boyer, Augustin"]
[Black "Mercure, Gilbert"]
[Result "0-1"]
[WhiteElo "1758"]
[BlackElo "1853"]
[PlyCount "112"]
[EventDate "2023.11.09"]
[EventType "swiss"]
[EventRounds "5"]
[EventCountry "CAN"]
[TimeControl "5400+30"]

1. e4 d5 2. exd5 Nf6 3. Nc3 Nxd5 4. Nf3 Bf5 5. Bc4 e6 6. O-O c6 7. Re1 Nxc3 8.
bxc3 Bd6 9. d3 Nd7 10. Nd4 O-O 11. Nxf5 exf5 12. Qh5 Qf6 13. d4 Qg6 14. Qf3 Qg4
15. Qxg4 fxg4 16. Bg5 Rfe8 17. Bd3 g6 18. g3 Kg7 19. Rab1 Rxe1+ 20. Rxe1 h6 21.
Bd2 Nf6 22. c4 Re8 23. Rb1 b6 24. Bc3 h5 25. Rd1 Kf8 26. d5 Be5 27. Bb4+ c5 28.
Bd2 Nd7 29. a4 f5 30. a5 Kf7 31. axb6 axb6 32. h3 gxh3 33. Be3 Kf6 34. Kh2 h4
35. Kxh3 hxg3 36. fxg3 Bxg3 37. Bd2 Be5 38. Be1 g5 39. Bf2 g4+ 40. Kg2 Rh8 41.
Rf1 f4 42. Be3 f3+ 43. Kg1 Bg3 44. Bd2 Rh2 45. Bc3+ Kg5 46. Be1 Bf4 47. Be4 Ne5
48. d6 Re2 49. Bd3 Nxd3 50. d7 Bc7 51. cxd3 Kf4 52. Bh4 g3 53. d8=Q Bxd8 54.
Bxd8 Rb2 55. Bc7+ Kg4 56. Rd1 Kh3 0-1

[Event "Ste-Foy 1 2023-24"]
[Site "Ste-Foy CAN"]
[Date "2023.09.18"]
[Round "2"]
[White "Marois, Remi"]
[Black "Marcotte, Lucille"]
[Result "1-0"]
[WhiteElo "1526"]
[BlackElo "985"]
[PlyCount "33"]
[EventDate "2023.11.09"]
[EventType "swiss"]
[EventRounds "5"]
[EventCountry "CAN"]
[TimeControl "5400+30"]

1. e4 c6 2. Nc3 d5 3. Nf3 Nd7 4. exd5 Ngf6 5. dxc6 bxc6 6. d4 e6 7. Bd3 h6 8.
O-O Bd6 9. Re1 O-O 10. Ne5 Nxe5 11. dxe5 Bc5 12. exf6 g6 13. Ne4 Bb6 14. Bxh6
Re8 15. Qf3 Ba5 16. Re2 Kh7 17. Qh3 1-0

[Event "Ste-Foy 1 2023-24"]
[Site "Ste-Foy CAN"]
[Date "2023.09.18"]
[Round "2"]
[White "Vaillant, Charles-Etienne"]
[Black "Dube, Dominic"]
[Result "1-0"]
[WhiteElo "1678"]
[BlackElo "1778"]
[PlyCount "93"]
[EventDate "2023.11.09"]
[EventType "swiss"]
[EventRounds "5"]
[EventCountry "CAN"]
[TimeControl "5400+30"]

1. c4 c6 2. d4 d5 3. Nf3 Bf5 4. cxd5 cxd5 5. Qb3 Qc7 6. Nc3 e6 7. Bf4 Qb6 8.
Nb5 Na6 9. Qa4 Bb4+ 10. Nc3+ Qc6 11. Qxc6+ bxc6 12. Ne5 c5 13. e4 cxd4 14. Bxa6
dxc3 15. Bb5+ Kf8 16. O-O cxb2 17. Rab1 Bxe4 18. Rxb2 Bc3 19. Nd7+ Ke7 20. Rb3
d4 21. Ba4 Bd5 22. Rbb1 f6 23. Rfd1 e5 24. Bc1 Kf7 25. Ba3 Nh6 26. Bb3 Bxb3 27.
Rxb3 Ke6 28. Rb7 f5 29. f3 Rhd8 30. Nc5+ Kf6 31. Nd7+ Ke6 32. Nc5+ Kd5 33. Rxg7
e4 34. fxe4+ fxe4 35. Rg5+ Kc4 36. Nxe4 Rd5 37. Rxd5 Kxd5 38. Nxc3+ Kc4 39. Ne4
Ng4 40. Bb2 d3 41. Nd6+ Kd5 42. Rxd3+ Ke6 43. Nc4 Rc8 44. Rd4 Rg8 45. Rd6+ Ke7
46. Ba3 Ke8 47. h3 1-0

[Event "Ste-Foy 1 2023-24"]
[Site "Ste-Foy CAN"]
[Date "2023.10.02"]
[Round "4"]
[White "Vaillant, Charles-Etienne"]
[Black "Potvin, Alain-Nicolas"]
[Result "1-0"]
[WhiteElo "1678"]
[BlackElo "1687"]
[Annotator "Alain-Nicolas Potvin"]
[PlyCount "35"]
[EventDate "2023.11.09"]
[EventType "swiss"]
[EventRounds "5"]
[EventCountry "CAN"]

1. c4 g6 2. d4 Bg7 3. e4 d6 4. Nc3 Nf6 5. f3 Nfd7 6. Be3 e5 7. d5 a5 8. Qd2 Na6
9. g4 Ndc5 10. h4 h5 11. g5 Qe7 12. Nh3 O-O 13. Be2 Bd7 14. Rc1 Rfb8 15. Nf2 c6
16. Rg1 Nc7 17. Bxc5 cxd5 18. Bb6 1-0

[Event "Ste-Foy 1 2023-24"]
[Site "Ste-Foy CAN"]
[Date "2023.10.16"]
[Round "5"]
[White "Bergeron, Nicolas"]
[Black "Marois, Remi"]
[Result "0-1"]
[WhiteElo "1322"]
[BlackElo "1526"]
[PlyCount "62"]
[EventDate "2023.11.09"]
[EventType "swiss"]
[EventRounds "5"]
[EventCountry "CAN"]

1. d4 Nf6 2. c4 e6 3. Nf3 d5 4. g3 dxc4 5. Bg2 Nc6 6. O-O a6 7. e3 Rb8 8. Nfd2
Bd7 9. Nxc4 Bd6 10. Qe2 O-O 11. Rd1 Qe7 12. e4 e5 13. dxe5 Nxe5 14. Nxd6 cxd6
15. Qd2 Nc4 16. Qd4 Rbc8 17. b3 Ne5 18. Ba3 Qe6 19. Bxd6 Nc6 20. Qb6 Rfe8 21.
f3 Ne5 22. Qxb7 Rc2 23. Bxe5 Qxe5 24. Na3 Rxg2+ 25. Kxg2 Qb2+ 26. Kh1 Bh3 27.
Rg1 Qe2 28. e5 Rxe5 29. Nc4 Re4 30. Qa8+ Re8 31. Qb7 Ne4 0-1

[Event "Ste-Foy 1 2023-24"]
[Site "Ste-Foy CAN"]
[Date "2023.10.16"]
[Round "5"]
[White "Gingras, Raphael"]
[Black "Bourassa, Louis"]
[Result "0-1"]
[WhiteElo "1487"]
[BlackElo "968"]
[PlyCount "56"]
[EventDate "2023.11.09"]
[EventType "swiss"]
[EventRounds "5"]
[EventCountry "CAN"]
[TimeControl "5400+30"]

1. e4 c6 2. d4 d5 3. exd5 cxd5 4. Bb5+ Nc6 5. Nf3 Bg4 6. Be3 Nf6 7. O-O e6 8.
Nbd2 Be7 9. c4 O-O 10. Rc1 Rc8 11. Nb3 dxc4 12. Rxc4 Qb6 13. Bxc6 bxc6 14. d5
Qb5 15. Qd4 Bxf3 16. gxf3 Nxd5 17. Kh1 Bf6 18. Qg4 Bxb2 19. Rg1 g6 20. Rc5 Qb8
21. Nd4 Nxe3 22. fxe3 Bxd4 23. Qxd4 Qb6 24. Rgc1 Rfd8 25. Qc3 Qa6 26. Rc4 Qxa2
27. Rh4 Qf2 28. e4 Qxh4 0-1

[Event "Ste-Foy 1 2023-24"]
[Site "Ste-Foy CAN"]
[Date "2023.10.16"]
[Round "5"]
[White "Simmons, Eric Andrew"]
[Black "Gingras, Guy"]
[Result "1-0"]
[WhiteElo "1771"]
[BlackElo "1605"]
[PlyCount "105"]
[EventDate "2023.11.09"]
[EventType "swiss"]
[EventRounds "5"]
[EventCountry "CAN"]
[TimeControl "5400+30"]

1. Nf3 d5 2. d4 Nc6 3. Bf4 Bf5 4. Nbd2 h6 5. c4 e6 6. cxd5 exd5 7. a3 Nf6 8. g3
Bd6 9. Be5 O-O 10. Bg2 Bxe5 11. dxe5 Ng4 12. Nh4 Be6 13. O-O Ngxe5 14. Nb3 b6
15. Rc1 Ne7 16. Nd4 c5 17. Nxe6 fxe6 18. Nf3 N7c6 19. Rc3 Nxf3+ 20. Bxf3 Nd4
21. Bg2 Rc8 22. e3 Nb5 23. Rd3 c4 24. Rd2 Qf6 25. Qa4 c3 26. bxc3 Qxc3 27. Rfd1
Qc4 28. Qa6 Nc3 29. Qxc4 Rxc4 30. Ra1 Rfc8 31. Bh3 Kf7 32. Kf1 R8c5 33. Rb2 Ne4
34. Bg2 Nd6 35. Ke1 Rc2 36. Raa2 Rxb2 37. Rxb2 b5 38. Bf1 a6 39. Kd1 Rc3 40. a4
Rc5 41. axb5 axb5 42. h4 Nc4 43. Rb3 Kf6 44. Ke2 g5 45. hxg5+ hxg5 46. Kd3 e5
47. Bh3 Nd6 48. Bg2 e4+ 49. Kd4 Rc4+ 50. Kxd5 Ke7 51. Rxb5 Nxb5 52. Kxc4 Nd6+
53. Kd5 1-0

[Event "Ste-Foy 1 2023-24"]
[Site "Ste-Foy CAN"]
[Date "2023.10.16"]
[Round "5"]
[White "Vaillant, Charles-Etienne"]
[Black "Berube, Antoine"]
[Result "0-1"]
[WhiteElo "1678"]
[BlackElo "2230"]
[PlyCount "120"]
[EventDate "2023.11.09"]
[EventType "swiss"]
[EventRounds "5"]
[EventCountry "CAN"]
[TimeControl "5400+30"]

1. d4 d5 2. c4 e6 3. Nc3 a6 4. cxd5 exd5 5. Bf4 Nf6 6. e3 c5 7. Nf3 c4 8. a4
Nc6 9. Be2 Bf5 10. O-O Na5 11. Nd2 Bb4 12. Bg5 Bxc3 13. bxc3 h6 14. Bxf6 Qxf6
15. Bf3 O-O-O 16. e4 dxe4 17. Bxe4 Rhe8 18. Qb1 Bxe4 19. Nxe4 Qg6 20. Nc5 Qxb1
21. Raxb1 Re2 22. Rfe1 Rde8 23. Kf1 Rxe1+ 24. Rxe1 Rxe1+ 25. Kxe1 Kc7 26. Kd2
Nc6 27. Ke3 Ne7 28. g3 Kc6 29. f3 b5 30. a5 b4 31. cxb4 Nd5+ 32. Kd2 Kb5 33. h4
Nxb4 34. Nb7 Nd5 35. Nd6+ Kxa5 36. Nxc4+ Kb4 37. Ne5 f6 38. Nd3+ Kc4 39. Nc5 a5
40. Nd3 Kxd4 41. Nb2 Nb6 42. h5 a4 43. Nd3 Nd5 44. Nc1 Kc4 45. f4 Nb4 46. Ke3
f5 47. Kf3 a3 48. g4 Kc3 49. gxf5 Kb2 50. f6 gxf6 51. Kg4 Kxc1 52. Kf5 a2 53.
Kg6 a1=Q 54. Kxh6 Nd5 55. f5 Qa8 56. Kg7 Qa7+ 57. Kh6 Qg1 58. Kh7 Qg5 59. h6
Ne7 60. Kh8 Qxh6# 0-1

[Event "Ste-Foy 2"]
[Site "Quebec CAN"]
[Date "2023.01.16"]
[Round "1"]
[White "Belanger, Mathieu-Olivier"]
[Black "Tremblay, Charles"]
[Result "1-0"]
[WhiteElo "1972"]
[BlackElo "1561"]
[PlyCount "47"]
[EventDate "2023.01.16"]
[EventType "swiss"]
[EventRounds "5"]
[EventCountry "CAN"]

1. e4 c5 2. Nf3 Nc6 3. c3 e6 4. d4 d5 5. exd5 exd5 6. Bb5 Bd7 7. O-O Be7 8.
dxc5 Bg4 9. Bxc6+ bxc6 10. Qa4 Qc8 11. Ne5 Bd7 12. Re1 Nf6 13. Bg5 O-O 14. b4
Re8 15. Nd2 Ng4 16. Bxe7 Rxe7 17. Nxg4 Rxe1+ 18. Rxe1 Bxg4 19. Nb3 Qc7 20. b5
cxb5 21. Qxg4 Qc6 22. Qe2 Kf8 23. Qe7+ Kg8 24. Nd4 1-0

[Event "Ste-Foy 2"]
[Site "Quebec CAN"]
[Date "2023.01.16"]
[Round "1"]
[White "Couture, Francois"]
[Black "Sarra-Bournet, Marc"]
[Result "0-1"]
[WhiteElo "1206"]
[BlackElo "1726"]
[PlyCount "64"]
[EventDate "2023.01.16"]
[EventType "swiss"]
[EventRounds "5"]
[EventCountry "CAN"]

1. d4 d5 2. c4 e6 3. Nc3 Nf6 4. Nf3 Nbd7 5. Bg5 Be7 6. cxd5 exd5 7. e3 O-O 8.
Bd3 c6 9. O-O Ne4 10. Bxe7 Qxe7 11. Qc2 Re8 12. Rfe1 Ndf6 13. Ne5 g6 14. Nxe4
Nxe4 15. f3 Ng5 16. Rf1 f6 17. Ng4 Bxg4 18. fxg4 Qxe3+ 19. Kh1 Ne4 20. Bxe4
Rxe4 21. h3 Qxd4 22. Rad1 Qe5 23. Qd2 Re8 24. b3 Re2 25. Qa5 Qe4 26. Rg1 Re3
27. Kh2 Qf4+ 28. g3 Re2+ 29. Rg2 Rxg2+ 30. Kxg2 Re2+ 31. Kh1 Qf3+ 32. Kg1 Qg2#
0-1

[Event "Ste-Foy 2"]
[Site "Quebec CAN"]
[Date "2023.01.16"]
[Round "1"]
[White "Dube, Dominic"]
[Black "Ben Afia, Achraf"]
[Result "1-0"]
[WhiteElo "1770"]
[BlackElo "1404"]
[PlyCount "123"]
[EventDate "2023.01.16"]
[EventType "swiss"]
[EventRounds "5"]
[EventCountry "CAN"]

1. e4 c6 2. d4 d5 3. e5 Bf5 4. Nf3 e6 5. Be2 c5 6. b3 Nc6 7. Bb2 a6 8. c3 Qb6
9. O-O cxd4 10. cxd4 Nge7 11. Nc3 h6 12. Na4 Qc7 13. Rc1 Bh7 14. Ne1 Ng6 15.
Nd3 Rb8 16. Bh5 Be7 17. Nac5 O-O 18. Qg4 Kh8 19. Nxe6 fxe6 20. Bxg6 Bg5 21. f4
Bxg6 22. Nc5 Bf5 23. Qe2 Be7 24. g4 Bxc5 25. gxf5 Rxf5 26. Rxc5 Qf7 27. Qe3 Rf8
28. Bc1 g5 29. Qh3 Qg6 30. Rc2 gxf4+ 31. Rg2 Qh5 32. Qxh5 Rxh5 33. Ba3 Rf7 34.
Bc5 Rg5 35. h4 Rxg2+ 36. Kxg2 Nb8 37. Kf3 Nd7 38. Bd6 Nf8 39. Rg1 Kh7 40. h5
Kh8 41. Bxf8 Rxf8 42. Rg6 Re8 43. Rxh6+ Kg7 44. Rg6+ Kh7 45. Kxf4 b5 46. Kg5 b4
47. Kf6 Rf8+ 48. Kxe6 Rf2 49. Kxd5 Rxa2 50. Rb6 a5 51. e6 Re2 52. Kd6 Re4 53.
d5 Kg7 54. Rb7+ Kf6 55. Rf7+ Kg5 56. Rh7 a4 57. bxa4 b3 58. Rb7 Re3 59. e7 Kxh5
60. Kd7 Kg5 61. e8=Q Rxe8 62. Kxe8 1-0

[Event "Ste-Foy 2"]
[Site "Quebec CAN"]
[Date "2023.01.16"]
[Round "1"]
[White "Gauthier, Vincent"]
[Black "Servant, Michel"]
[Result "0-1"]
[WhiteElo "1080"]
[BlackElo "1641"]
[PlyCount "46"]
[EventDate "2023.01.16"]
[EventType "swiss"]
[EventRounds "5"]
[EventCountry "CAN"]

1. c4 c5 2. e3 Nf6 3. d4 cxd4 4. exd4 e6 5. Nf3 b6 6. b3 Bb7 7. Bb2 Be7 8. Be2
d6 9. Nc3 a6 10. Qd2 Nbd7 11. Qg5 O-O 12. Qd2 Qc7 13. Rc1 Rac8 14. h4 Rfd8 15.
h5 h6 16. Bd3 e5 17. dxe5 dxe5 18. Bb1 Nc5 19. Qc2 e4 20. Ng1 Nd3+ 21. Kf1 Nxc1
22. Bxc1 Qc6 23. Be3 Bb4 0-1

[Event "Ste-Foy 2"]
[Site "Quebec CAN"]
[Date "2023.01.16"]
[Round "1"]
[White "Laflamme, Simon"]
[Black "Fleury, Dominic"]
[Result "1-0"]
[WhiteElo "1927"]
[BlackElo "1492"]
[PlyCount "47"]
[EventDate "2023.01.16"]
[EventType "swiss"]
[EventRounds "5"]
[EventCountry "CAN"]

1. e4 e5 2. Nf3 Nc6 3. Bc4 Bc5 4. c3 Nf6 5. d4 exd4 6. e5 Ng4 7. cxd4 Bb6 8.
O-O O-O 9. Bg5 Ne7 10. Nc3 Kh8 11. h3 f6 12. hxg4 fxg5 13. Nxg5 Qe8 14. Qb3 h6
15. Nf7+ Kh7 16. g5 d5 17. exd6 Ng6 18. gxh6 Bxd4 19. Ne4 Rxf7 20. Ng5+ Kxh6
21. Nxf7+ Kh5 22. Rae1 Qd7 23. Be2+ Kh4 24. Qg3# 1-0

[Event "Ste-Foy 2"]
[Site "Quebec CAN"]
[Date "2023.01.16"]
[Round "1"]
[White "Laurendeau, Alfred"]
[Black "Marquis, Paul"]
[Result "1/2-1/2"]
[WhiteElo "1554"]
[BlackElo "1958"]
[PlyCount "44"]
[EventDate "2023.01.16"]
[EventType "swiss"]
[EventRounds "5"]
[EventCountry "CAN"]

1. e4 e6 2. d4 d5 3. exd5 exd5 4. Bd3 Nf6 5. Bg5 Be7 6. Ne2 O-O 7. O-O Nbd7 8.
Nd2 c5 9. dxc5 Nxc5 10. Nb3 Nxd3 11. Qxd3 Qd6 12. Bf4 Qd7 13. Nbd4 Ne4 14. Nc3
Nxc3 15. Qxc3 Bf6 16. Qd3 Qg4 17. Be3 Bxd4 18. Qxd4 Qxd4 19. Bxd4 Bf5 20. c3
Rfe8 21. Rfe1 a6 22. f3 h5 1/2-1/2

[Event "Ste-Foy 2"]
[Site "Quebec CAN"]
[Date "2023.01.16"]
[Round "1"]
[White "Potvin, Alain-Nicolas"]
[Black "Soucy, Mathieu"]
[Result "1-0"]
[WhiteElo "1715"]
[BlackElo "1088"]
[PlyCount "39"]
[EventDate "2023.01.16"]
[EventType "swiss"]
[EventRounds "5"]
[EventCountry "CAN"]

1. d4 d6 2. Bf4 Nf6 3. e3 c6 4. Nf3 Qb6 5. Qc1 Nh5 6. Bg5 e5 7. dxe5 dxe5 8.
Nc3 Qa5 9. Qd2 Bb4 10. O-O-O Bd7 11. g4 e4 12. gxh5 exf3 13. Bf4 h6 14. Bxb8
Rxb8 15. Qxd7+ Kf8 16. Bc4 Be7 17. Qg4 Rd8 18. Rxd8+ Bxd8 19. Rd1 Bf6 20. Qc8+
1-0

[Event "Ste-Foy 2"]
[Site "Quebec CAN"]
[Date "2023.01.16"]
[Round "1"]
[White "Vaillant, Charles-Etienne"]
[Black "Mercure, Gilbert"]
[Result "0-1"]
[WhiteElo "1470"]
[BlackElo "1855"]
[PlyCount "62"]
[EventDate "2023.01.16"]
[EventType "swiss"]
[EventRounds "5"]
[EventCountry "CAN"]

1. d4 d5 2. c4 Nc6 3. Nf3 Bg4 4. cxd5 Bxf3 5. gxf3 Qxd5 6. e3 e5 7. Nc3 Bb4 8.
Bd2 Bxc3 9. bxc3 exd4 10. cxd4 Nf6 11. Be2 O-O 12. Qb3 Qg5 13. h4 Qg2 14. O-O-O
Qxf2 15. Qd3 Nd5 16. Rdf1 Qg3 17. f4 Ncb4 18. Qb3 a5 19. a3 a4 20. Qb2 Nc6 21.
e4 Nf6 22. d5 Nd4 23. Qxd4 Qxa3+ 24. Qb2 Qc5+ 25. Qc2 Qd4 26. Bf3 a3 27. Bc3
Qe3+ 28. Bd2 a2 29. Kb2 a1=Q+ 30. Rxa1 Qxf3 31. Rae1 Qa3+ 0-1

[Event "Ste-Foy 2"]
[Site "Quebec CAN"]
[Date "2023.01.23"]
[Round "2"]
[White "Berube, Antoine"]
[Black "Laurendeau, Alfred"]
[Result "1-0"]
[WhiteElo "2166"]
[BlackElo "1554"]
[PlyCount "59"]
[EventDate "2023.01.16"]
[EventType "swiss"]
[EventRounds "5"]
[EventCountry "CAN"]

1. d4 Nf6 2. c4 e6 3. Nc3 Bb4 4. Nf3 c5 5. g3 cxd4 6. Nxd4 Ne4 7. Qc2 Qa5 8.
Bg2 Nxc3 9. O-O Nxe2+ 10. Qxe2 Nc6 11. Be3 O-O 12. a3 Be7 13. Rfd1 a6 14. b4
Qc7 15. Rac1 Bf6 16. Nb3 d6 17. Rc2 Rb8 18. Rcd2 Rd8 19. Bf4 e5 20. Be3 Be6 21.
Rc1 a5 22. b5 Ne7 23. b6 Qd7 24. Nxa5 Nc6 25. Nxc6 bxc6 26. Rcd1 Be7 27. Bc5 d5
28. cxd5 Bxd5 29. Bxd5 cxd5 30. Rxd5 1-0

[Event "Ste-Foy 2"]
[Site "Quebec CAN"]
[Date "2023.01.23"]
[Round "2"]
[White "Fleury, Dominic"]
[Black "Soucy, Mathieu"]
[Result "1-0"]
[WhiteElo "1492"]
[BlackElo "1088"]
[PlyCount "73"]
[EventDate "2023.01.16"]
[EventType "swiss"]
[EventRounds "5"]
[EventCountry "CAN"]

1. e4 d6 2. d4 Nf6 3. Nc3 c6 4. Nf3 Qa5 5. Bd2 e5 6. dxe5 dxe5 7. Bc4 Bg4 8. h3
Bxf3 9. Qxf3 Be7 10. Nd5 Qd8 11. Nxe7 Qxe7 12. O-O-O O-O 13. g4 b5 14. Bb3 a5
15. a4 Nbd7 16. g5 Ne8 17. Be3 Nc7 18. Qf5 Ne6 19. h4 Nd4 20. Bxd4 exd4 21.
Rxd4 Nc5 22. Rhd1 Nxb3+ 23. cxb3 g6 24. Rd7 Qe6 25. Qxe6 fxe6 26. Rf1 Rad8 27.
Rxd8 Rxd8 28. Rd1 Rc8 29. Rd6 Kf7 30. e5 b4 31. Kd2 Ke7 32. f4 c5 33. Kd3 Rd8
34. Rxd8 Kxd8 35. Kc4 Kd7 36. Kxc5 Kc7 37. Kb5 1-0

[Event "Ste-Foy 2"]
[Site "Quebec CAN"]
[Date "2023.01.23"]
[Round "2"]
[White "Marquis, Paul"]
[Black "Renzo, Alain"]
[Result "1-0"]
[WhiteElo "1958"]
[BlackElo "1403"]
[PlyCount "57"]
[EventDate "2023.01.16"]
[EventType "swiss"]
[EventRounds "5"]
[EventCountry "CAN"]

1. e4 e6 2. d4 d5 3. Nc3 Nc6 4. e5 Bb4 5. Nf3 Nge7 6. h4 h6 7. h5 Nf5 8. g4
Nfe7 9. Bf4 b6 10. Bd3 Na5 11. a3 Bxc3+ 12. bxc3 c5 13. Qd2 c4 14. Bf1 Nac6 15.
Bh3 a5 16. Ke2 b5 17. g5 Nf5 18. Bxf5 exf5 19. gxh6 gxh6 20. Bxh6 Be6 21. Bg7
Rh7 22. h6 Kd7 23. Bf6 Qc7 24. Ng5 Rxh6 25. Rxh6 b4 26. Nxe6 Nxd4+ 27. Qxd4 Qc6
28. Nc5+ Ke8 29. Rh8# 1-0

[Event "Ste-Foy 2"]
[Site "Quebec CAN"]
[Date "2023.01.23"]
[Round "2"]
[White "Mercure, Gilbert"]
[Black "Oliver, Vance"]
[Result "1-0"]
[WhiteElo "1855"]
[BlackElo "1607"]
[PlyCount "63"]
[EventDate "2023.01.16"]
[EventType "swiss"]
[EventRounds "5"]
[EventCountry "CAN"]

1. e4 d6 2. d4 g6 3. Nc3 Bg7 4. f4 a6 5. Bc4 Nd7 6. Nf3 e6 7. Be3 Ne7 8. Bd3 b6
9. Ne2 Bb7 10. Ng3 c5 11. c3 Rc8 12. Qe2 O-O 13. Bxa6 Qc7 14. Bxb7 Qxb7 15. O-O
cxd4 16. cxd4 Nc6 17. Qd2 Nf6 18. Qd3 Nb4 19. Qb3 Nc2 20. Rac1 Nxe3 21. Qxe3
Rxc1 22. Rxc1 Rc8 23. Rc3 b5 24. h3 Rc4 25. Kh2 Qc7 26. Ne2 b4 27. Rb3 Qb7 28.
Nd2 Rc2 29. Qd3 Rxd2 30. Qxd2 Nxe4 31. Qxb4 Qe7 32. Qb7 1-0

[Event "Ste-Foy 2"]
[Site "Quebec CAN"]
[Date "2023.01.23"]
[Round "2"]
[White "Potvin, Alain-Nicolas"]
[Black "Laflamme, Simon"]
[Result "1-0"]
[WhiteElo "1715"]
[BlackElo "1927"]
[PlyCount "69"]
[EventDate "2023.01.16"]
[EventType "swiss"]
[EventRounds "5"]
[EventCountry "CAN"]

1. d4 Nf6 2. Nf3 g6 3. Bf4 Bg7 4. e3 b6 5. Be2 Bb7 6. O-O d6 7. h3 O-O 8. c4
Nbd7 9. Nc3 Re8 10. Bh2 e5 11. a4 a5 12. Re1 Qe7 13. Nb5 Rec8 14. d5 Nc5 15.
Nd2 Nfd7 16. e4 f5 17. Qc2 Bh6 18. f4 exf4 19. exf5 Qe3+ 20. Kh1 f3 21. Nxf3
Qe4 22. Bd1 Qxf5 23. Qxf5 gxf5 24. Bc2 f4 25. Nfd4 Ba6 26. Nf5 Bf8 27. Ne7+
Bxe7 28. Rxe7 Bxb5 29. axb5 Nf6 30. Bxf4 Re8 31. Rae1 Rxe7 32. Rxe7 Re8 33.
Bxh7+ Kf8 34. Rxe8+ Kxe8 35. Bg6+ 1-0

[Event "Ste-Foy 2"]
[Site "Quebec CAN"]
[Date "2023.01.23"]
[Round "2"]
[White "Sarra-Bournet, Marc"]
[Black "Belanger, Mathieu-Olivier"]
[Result "0-1"]
[WhiteElo "1726"]
[BlackElo "1972"]
[PlyCount "70"]
[EventDate "2023.01.16"]
[EventType "swiss"]
[EventRounds "5"]
[EventCountry "CAN"]

1. e4 e5 2. Nf3 Nc6 3. Bb5 Nf6 4. O-O Nxe4 5. d4 Be7 6. Re1 Nd6 7. Bxc6 bxc6 8.
dxe5 Nb7 9. Bf4 O-O 10. Nbd2 d5 11. exd6 cxd6 12. Ne4 d5 13. Ng3 Bc5 14. Qd2
Nd6 15. b3 f6 16. Nd4 Bxd4 17. Qxd4 Nf7 18. Qc5 Qb6 19. Qe7 Ne5 20. Rad1 Bg4
21. Rd2 Rfe8 22. Qa3 Nf3+ 23. gxf3 Rxe1+ 24. Kg2 Be6 25. Be3 Qc7 26. Nh5 Qd7
27. Nf4 Bf5 28. h4 Qf7 29. Qd6 Rc8 30. c4 g5 31. hxg5 fxg5 32. Ne2 Rf8 33. cxd5
Bh3+ 34. Kh2 Rh1+ 35. Kxh1 Qxf3+ 0-1

[Event "Ste-Foy 2"]
[Site "Quebec CAN"]
[Date "2023.01.23"]
[Round "2"]
[White "Servant, Michel"]
[Black "Dube, Dominic"]
[Result "1-0"]
[WhiteElo "1641"]
[BlackElo "1770"]
[PlyCount "83"]
[EventDate "2023.01.16"]
[EventType "swiss"]
[EventRounds "5"]
[EventCountry "CAN"]

1. c4 e5 2. Nc3 Nf6 3. g3 d5 4. cxd5 Nxd5 5. Bg2 c6 6. Nf3 Bd6 7. d3 O-O 8. O-O
Nd7 9. Ne4 Bc7 10. a3 a5 11. Qc2 f5 12. Neg5 N7f6 13. e4 fxe4 14. dxe4 Nxe4 15.
Qxe4 Bf5 16. Qc4 h6 17. Ne4 b5 18. Qe2 Qe8 19. Nh4 Bh7 20. Qg4 Kh8 21. Nc5 Nf6
22. Qe6 e4 23. Qxe8 Raxe8 24. Bh3 Be5 25. Nd7 Rf7 26. Nxe5 Rxe5 27. Ng2 g5 28.
Ne3 c5 29. Rd1 Kg7 30. Bd2 h5 31. Bc3 Ree7 32. Nd5 g4 33. Bf1 Re6 34. Bxf6+ Kh6
35. Bh4 c4 36. Nf4 Re5 37. Rd6+ Kg7 38. Rad1 e3 39. fxe3 Rxe3 40. Nxh5+ Kh8 41.
Rd8+ Bg8 42. Nf6 1-0

[Event "Ste-Foy 2"]
[Site "Quebec CAN"]
[Date "2023.01.23"]
[Round "2"]
[White "Tremblay, Charles"]
[Black "Couture, Francois"]
[Result "1-0"]
[WhiteElo "1561"]
[BlackElo "1206"]
[PlyCount "123"]
[EventDate "2023.01.16"]
[EventType "swiss"]
[EventRounds "5"]
[EventCountry "CAN"]

1. c4 Nf6 2. Nf3 e6 3. Nc3 d5 4. d4 Bb4 5. Bf4 Nbd7 6. e3 c5 7. Bd3 dxc4 8.
Bxc4 Nb6 9. Bb5+ Bd7 10. Bxd7+ Nbxd7 11. O-O O-O 12. Qb3 h6 13. Rfd1 Qe7 14.
Nb5 Ne4 15. d5 e5 16. d6 Nxd6 17. Nxd6 exf4 18. exf4 Nb6 19. Ne5 Qe6 20. Qxe6
fxe6 21. a3 Ba5 22. Nxb7 Nd5 23. Nxa5 Rxf4 24. Nac4 Raf8 25. Rd2 R8f5 26. g3
Rg5 27. Re1 h5 28. Kf1 Rf8 29. Nd7 Re8 30. Nce5 Rc8 31. Rc2 Nf6 32. Rxc5 Rxc5
33. Nxc5 Ng4 34. f4 Nxh2+ 35. Kg2 Ng4 36. Nxe6 Rf5 37. Nc6 Rf7 38. Ng5 Rf8 39.
Ne7+ Kh8 40. Ng6+ Kg8 41. Nxf8 Kxf8 42. b4 Nf6 43. a4 Nd5 44. b5 Nc3 45. Ne6+
Kf7 46. Nc5 Kf6 47. Re5 g5 48. Nd7+ Kg6 49. Rxg5+ Kh6 50. a5 Ne4 51. b6 axb6
52. axb6 Nd6 53. Kh3 Nb7 54. Kh4 Nd6 55. Ne5 Nb7 56. Rg6+ Kh7 57. Kxh5 Kh8 58.
f5 Nd8 59. g4 Kh7 60. f6 Nf7 61. Rg7+ Kh8 62. Ng6# 1-0